000 02782nab a2200301 a 4500
005 20210219163857.0
008 991125s1985 mx 000 0 spa u
035 _aUPN01000230883
049 _aART-E
100 1 _aGarcía López, Irma Eugenia
_6- galiuemex@gmail.com
222 0 _aRIDE : REVISTA IBEROAMERICANA PARA LA INVESTIGACION Y EL DESARROLLO EDUCATIVO
245 0 0 _aValores, intereses y personalidad de los alumnos de la Licenciatura en Administración de la Universidad Autónoma del Estado de México
260 _aMéxico
300 _a1-25
362 0 _a2018, Vol. 8, no. 16
520 3 _aEste artículo versa sobre la relación que coexiste entre los valores, los intereses y la personalidad de los alumnos de la Licenciatura en Administración (LA) de la Facultad de Contaduría y Administración de la Universidad Autónoma del Estado de México (UAEMéx). El principal objetivo fue caracterizar los tipos de personalidad de los estudiantes en función de sus valores dominantes. Y para ello se empleó la teoría y el cuestionario de Allport.Los participantes de la investigación fueron 51 estudiantes (varones y mujeres) de la LA de la Facultad de Contaduría y Administración, ciclo escolar 2016-2017, semestre 2017-B, con un promedio de edad de 21 años y con un intervalo de 19 a 21 años. El estudio fue descriptivo, con enfoque cuantitativo; asimismo, se aplicó un instrumento, el cual codificó información sobre las puntuaciones para varones y mujeres, con base en la escala Allport.Los resultados permitieron determinar la jerarquía de valores, el perfil axiológico y los intereses dominantes de la personalidad de los educandos. En las mujeres, el valor teórico resultó en que 95 % son analíticas, racionales y críticas. Para el valor económico, 90 % demostró ser pragmáticas. Las cifras del valor estético reportaron que 95 % no tiene interés estético. El valor social mostró cierta preferencia hacia las relaciones sociales. El valor político resultó equilibrado en cuanto a intereses entre las clases altas y bajas. Con relación al valor religioso, reveló que 95% de ellas no tienen apego religioso.De forma análoga, los resultados de los estudiantes varones reflejaron los intereses dominantes de su personalidad. El valor teórico mostró que 55 % posee personalidad lógica y racional.
653 0 _aVALORES
653 0 _aPERSOANALIDAD
653 0 _aTEST DE ALLPORT
653 0 _aESTUDIANTES DE ADMINISTRACION
856 4 _uhttp://www.ride.org.mx/index.php/RIDE/article/view/349/1629
856 4 _uhttps://doi.org/10.23913/ride.v8i16.349
905 _aArticulo
336 _atexto$2rdacontent
337 _acomputadora$2rdamedia
338 _arecurso en linea$2rdacarrier
999 _c202978
_d202978